01421nam a22003737a 4500003000500000005001700005008004100022010001000063011001000073035001000083040000900093082001500102100002400117245007800141260007300219300001100292490006500303590004100368590004100409590004100450590004100491590004200532650003000574650003400604650002600638700002600664700002800690830007200718901000700790942001000797949007600807999001700883952014700900CHAP20220329140641.0971013s1995 r 00010 d a55374 a56346 a60499 cCHAP a580.14bB700aBrako, Lois.915001 aScientific and common names of 7,000 vascular plants in the United States aSt. Paul, Minnesota :bThe American Phytopathological Society,c1995 a295 p. aContributions from the U.S. National Fungus Collectionsv; 7 aBATCH-UPDb10c20130110lUCH01h0422 aBATCH-UPDb10c20130110lUCH01h2101 aBATCH-UPDb10c20130410lUCH01h0056 aBATCH-UPDb10c20130914lUCH01h0733 aCONVERSIONb10c20130109lUCH01h133014aBotánicaxE.U.A.91453314aPlantasxNomenclatura.98887114aTracheophyta.91145720 aFarr, David F.9397950 aRossman, Amy Y.91002290 aContributions from the U.S. National Fungus Collectionsv; 7927571 aBK cLIBRO a580.14 B7bBCcCd33724000660825eCgI. 179883h89863i60499sit264.00 c55374d55374 00102ddc4051708CaBCbBCcPA_CONSULTAd2019-12-31eI. 179883fLIBROl0o580.14 B7p33724000660825r2019-12-31 00:00:00w2019-12-31yLIBRO